| 000 | 00747nam a22002057a 4500 | ||
|---|---|---|---|
| 005 | 20100820160845.0 | ||
| 010 | _aENG-101029 | ||
| 020 |
_a9789380060361 _c100.00 |
||
| 020 |
_a938006036X _c100.00 |
||
| 035 | _aEN-84562 | ||
| 037 | _bDBAD/PUB | ||
| 082 | _a338.04 | ||
| 100 |
_aRajendran, B. _915743 |
||
| 245 |
_aBusiness enviroment and entrepreneurship / _cby B.Rajendran |
||
| 260 |
_aSalem _bM.S.K. Publications _c2009 |
||
| 270 |
_a3/189-E, Athanoor Amman Kovil Street, Masinayaganpatti- Post _bSalem _e636103 |
||
| 300 |
_a232p. _c20cm (pbk) |
||
| 942 |
_2ddc _cEN _h338.04 _mRAJ |
||
| 999 |
_c42786 _d42786 |
||